000 00816nam a2200313 4500
001 000618
003 DO-SdBNP
005 20180118131241.0
007 000618
008 161028b 1994 sp a ||||| |||| 00| 0 spa d
016 7 _a
017 _a
_b
020 _a8434827662
035 _a
040 _aBPMSU
_bspa
_cBPMSU
_e
080 0 _a
082 _axxxx
_bxxxx
100 1 _aBalzola, Asun,
_d1942-2006.
245 1 3 _aLa cazadora de Indiana Jones /
_cAsun Balzola ; ilustraciones Asun Balzola.
_h
250 _a8ยช ed.
260 _aMadrid :
_bSM,
_c1994.
300 _a109 p. :
_bil. ;
_c20 cm.
490 1 _aEl barco de vapor
_v53
500 _a
830 0 _aEl barco de vapor ;
_v53
942 _2ddc
_cBK
945 _aInventariado, 2018/LP
956 _aLOPEREZ
_b10
_c20161028
_d00041
999 _c11719
_d11719